The Handmaid's tale

Salvato in:
Dettagli Bibliografici
Autore principale: Atwood, Margaret
Natura: Libro
Lingua:Undetermined
Pubblicazione: New York USA Harper Perennial Modern Classics 1998
Soggetti:
Tags: Aggiungi Tag
Nessun Tag, puoi essere il primo ad aggiungerne! !
Thư viện lưu trữ: Trung tâm Học liệu Trường Đại học Cần Thơ
LEADER 00492nam a2200181Ia 4500
001 CTU_230383
008 210402s9999 xx 000 0 und d
082 |a 813.54 
082 |b A887 
100 |a Atwood, Margaret 
245 4 |a The Handmaid's tale 
245 0 |c Margaret Atwood 
260 |a New York 
260 |b USA Harper Perennial Modern Classics 
260 |c 1998 
650 |a Bí mật,Secrecy 
910 |a Tuyến 
980 |a Trung tâm Học liệu Trường Đại học Cần Thơ